[Event "Extraliga CZE"]
[Site "Ostrava CZE"]
[Date "1999.11.20"]
[Round "3"]
[White "Kupka,S"]
[Black "Jirovsky,Pe"]
[Result "1/2-1/2"]
[WhiteElo "2326"]
[BlackElo "2351"]

1.d4 Nf6 2.Nf3 g6 3.c4 Bg7 4.Nc3 d6 5.e4 O-O 6.Be2 e5 7.O-O Nc6 8.d5 Ne7
9.Ne1 Nd7 10.f3 f5 11.g4 h5 12.g5 h4 13.Nd3 f4 14.Kh1 b6 15.Bd2 Nc5 16.b4 Nxd3
17.Bxd3 c5 18.bxc5 bxc5 19.Rb1 Rf7 20.Qa4 Bh3 21.Rg1 Bf8 22.Nd1 Nc8 23.Nf2 Nb6
24.Qa6 Bc8 25.Qa3 Rb8 26.Bc3 Rfb7 27.Rb2 Qe8 28.Ng4 Qa4 29.Rb3 Qxa3  1/2-1/2

[Event "Eu Team Ch"]
[Site "Batumi GEO"]
[Date "1999.12.05"]
[Round "6"]
[White "Almasi,Z"]
[Black "Socko,B"]
[Result "1-0"]
[WhiteElo "2663"]
[BlackElo "2543"]

1.d4 Nf6 2.c4 g6 3.Nc3 Bg7 4.e4 d6 5.Be2 O-O 6.Nf3 e5 7.O-O Nc6 8.d5 Ne7
9.b4 a5 10.Ba3 axb4 11.Bxb4 Nd7 12.a4 Bh6 13.a5 f5 14.Bd3 Kh8 15.Nd2 Bxd2
16.Qxd2 f4 17.f3 g5 18.Na4 Nf6 19.c5 g4 20.cxd6 cxd6 21.Nb6 Rb8 22.Nc4 Ne8
23.Be2 gxf3 24.Bxf3 Ng6 25.Qb2 Rf6 26.Be1 Rf7 27.Bf2 Ra8 28.Rfc1 Rg7 29.Rc3 Nf6
30.Qb6 Rd7 31.Rac1 Qf8 32.Qb4 Rd8 33.h3 h5 34.Bb6 Rd7 35.Nxd6 Rxd6 36.Rxc8 Rxc8
37.Rxc8 Qxc8 38.Qxd6 Qf8 39.Qc7 Qb4 40.Qc8+ Kh7 41.Qxb7+ Kh6 42.Qa6 Nxe4
43.Bxe4 Qxe4 44.d6 Nh4 45.Qf1 Qd5 46.a6 Qxd6 47.Bf2 Ng6 48.Qa1 Qd5 49.a7 Qa8
50.Qb2 Qd5 51.Qb8 Qd1+ 52.Kh2 Qe2 53.a8=Q Qxf2 54.Qf3 Qe1 55.Qba8 Qh4 56.Qac6 Qg5
57.Qe6 Kh7 58.Qd3 Kh6 59.Qef5  1-0

[Event "Eu Team Ch"]
[Site "Batumi GEO"]
[Date "1999.12.06"]
[Round "8"]
[White "Kozul,Z"]
[Black "Lanka,Z"]
[Result "1/2-1/2"]
[WhiteElo "2612"]
[BlackElo "2504"]

1.d4 Nf6 2.Nf3 g6 3.c4 Bg7 4.Nc3 d6 5.e4 O-O 6.Be2 e5 7.O-O Nc6 8.d5 Ne7
9.Ne1 Nd7 10.Be3 f5 11.f3 f4 12.Bf2 g5 13.a4 Ng6 14.a5 a6 15.Nd3 Nf6 16.c5 Kh8
17.Kh1 Rg8 18.cxd6 cxd6 19.b4 Bd7 20.Ra3 Bf8 21.Nb2 h5 22.Nc4 g4 23.Nb6 Rb8
24.Nxd7 Qxd7 25.fxg4 hxg4 26.Na4 f3 27.gxf3 Bh6 28.fxg4 Nf4 29.Nb6 Qh7 30.Bf3 Nxe4
31.Be1 Ng5 32.Nc4 Rg6 33.Ne3 Rbg8 34.Bg3 Nxf3 35.Qxf3 R6g7 36.Bh4 Bg5 37.Bxg5 Rxg5
38.Rc3 R5g6 39.Qf2 Rf6 40.Qc2 Qxc2 41.Rxc2 Nxd5 42.Rxf6 Nxf6 43.h3 d5 44.Nf5 d4
45.Kg2 Nd5 46.Rc5 Rd8 47.Kf1 d3 48.Ke1 Nxb4 49.Kd2 Nc6 50.h4 Nd4 51.Nxd4  1/2-1/2

[Event "Eu Team Ch"]
[Site "Batumi GEO"]
[Date "1999.12.06"]
[Round "8"]
[White "Sakalauskas,V"]
[Black "Ahn,M"]
[Result "1-0"]
[WhiteElo "2450"]
[BlackElo "2331"]

1.d4 Nf6 2.c4 g6 3.Nc3 Bg7 4.e4 d6 5.Nf3 O-O 6.Be2 e5 7.O-O Nc6 8.d5 Ne7
9.Ne1 Nd7 10.Be3 f5 11.f3 f4 12.Bf2 g5 13.a4 Ng6 14.a5 Rf7 15.c5 Nxc5 16.Bxc5 dxc5
17.a6 bxa6 18.Na4 Bf8 19.Rc1 Rb8 20.Nd3 g4 21.fxg4 Qg5 22.Naxc5 f3 23.Rxf3 Rxf3
24.Bxf3 Qe3+ 25.Kh1 Bxc5 26.Nxc5 Rxb2 27.Ne6 Nh4 28.Rxc7 Bxe6 29.dxe6 Rd2
30.Qc1 Nxf3 31.e7 Kf7 32.e8=Q+ Kxe8 33.Qc6+ Kf8 34.Rc8+ Ke7 35.Re8+ Kf7 36.Qe6+ Kg7
37.Rg8+  1-0

[Event "Eu Team Ch"]
[Site "Batumi GEO"]
[Date "1999.12.06"]
[Round "8"]
[White "Pelletier,Y"]
[Black "Dydyshko,V"]
[Result "1/2-1/2"]
[WhiteElo "2479"]
[BlackElo "2521"]

1.Nf3 Nf6 2.c4 g6 3.d4 Bg7 4.Nc3 O-O 5.e4 d6 6.Be2 e5 7.O-O Nc6 8.d5 Ne7
9.b4 Nh5 10.Re1 a5 11.bxa5 Rxa5 12.a4 c5 13.Ra3 Nf6 14.Bb2 Kh8 15.Nd2 Nd7
16.Nb5 Ra6 17.Qc2 f5 18.exf5 gxf5 19.Bd3 Nf6 20.f3 Bd7 21.Nf1 Be8 22.Ng3 Bg6
23.Nxf5 Nxf5 24.Bxf5 Bxf5 25.Qxf5 Nxd5 26.Qe4 Nb4 27.Qxb7 Rf4 28.Re4 Rb6
29.Qc7 Qxc7 30.Nxc7 Nc2 31.Ra2 Nb4 32.a5 Rc6 33.Nd5 Rxe4 34.Nxb4 cxb4 35.fxe4 Bh6
36.Kf2 Rxc4 37.a6 Rc8 38.Ke2 Kg8 39.Kd3 Kf7 40.Ra4 Ra8 41.Kc4 Bd2 42.Kd3 Bg5
43.Kc4 Bd2 44.Kd3 Bg5 45.g3 h5 46.Kc4 Bd2 47.Kd3 Bg5 48.Kc4 Bd2 49.Kd5 Ke7
50.Kc6 Ra7 51.Kb6 Be3+ 52.Kb5 Bd2 53.Kb6 Be3+ 54.Kb5 Bd2 55.Ra2 Be3 56.Kxb4 Kd7
57.Kc4 Kc6 58.Kd3 Bc5 59.Bc1 Rf7 60.Kc4 Ba7 61.Rb2 Rf1 62.Rc2 Bc5 63.Kd3  1/2-1/2

[Event "FSIMB December"]
[Site "Budapest HUN"]
[Date "1999.12.06"]
[Round "3"]
[White "Weglarz,L"]
[Black "Rajlich,V"]
[Result "1-0"]
[WhiteElo "2400"]
[BlackElo "2297"]

1.d4 Nf6 2.c4 g6 3.Nc3 Bg7 4.e4 d6 5.Nf3 O-O 6.Be2 e5 7.O-O Nc6 8.d5 Ne7
9.Ne1 Nd7 10.Nd3 f5 11.Bd2 Nf6 12.f3 f4 13.Rc1 g5 14.c5 Ng6 15.cxd6 cxd6
16.Nb5 Rf7 17.Qc2 Ne8 18.a4 Bf8 19.Nf2 h5 20.h3 Rg7 21.Qb3 Nh4 22.Rc2 a6
23.Na3 Nf6 24.Be1 g4 25.hxg4 hxg4 26.Nxg4 Bxg4 27.Bxh4 Bd7 28.g4 fxg3 29.f4 g2
30.Rf3 Rc8 31.fxe5 dxe5 32.d6+ Kh7 33.Bxf6 Bxa4 34.Rh3+ Kg6 35.Bh5+ Kxf6
36.Rf2+ Kg5 37.Qe3+  1-0

[Event "Eu Team Ch"]
[Site "Batumi GEO"]
[Date "1999.12.07"]
[Round "9"]
[White "Bogdanovski,V"]
[Black "Brestian,E"]
[Result "1/2-1/2"]
[WhiteElo "2490"]
[BlackElo "2429"]

1.d4 Nf6 2.Nf3 g6 3.c4 Bg7 4.Nc3 d6 5.e4 O-O 6.Be2 e5 7.O-O Nc6 8.d5 Ne7
9.b4 a5 10.Ba3 axb4 11.Bxb4 b6 12.a4 Ne8 13.Nd2 f5 14.Bf3 g5 15.exf5 Nxf5
16.Nde4 h6 17.Bg4 Nf6 18.Nxf6+ Qxf6 19.Ne4 Qg6 20.Re1 Nh4 21.Bd2 Bf5 22.Qe2 Qf7
23.Rf1 Qd7 24.Bxf5 Nxf5 25.a5 Nd4 26.Qd3 bxa5 27.Bxa5 Rf7 28.Bc3 Raf8 29.Bxd4 exd4
30.Rac1 c6 31.dxc6 Qxc6 32.Nd2 d5 33.Rc2 dxc4 34.Nxc4 Qb5 35.h3 Rc7 36.Nb2 Qxd3
37.Nxd3 Rc3 38.Rfc1  1/2-1/2

[Event "Eu Team Ch"]
[Site "Batumi GEO"]
[Date "1999.12.07"]
[Round "9"]
[White "Bogdanovski,V"]
[Black "Brestian,E"]
[Result "1/2-1/2"]
[WhiteElo "2490"]
[BlackElo "2429"]

1.d4 Nf6 2.Nf3 g6 3.c4 Bg7 4.Nc3 d6 5.e4 O-O 6.Be2 e5 7.O-O Nc6 8.d5 Ne7
9.b4 a5 10.Ba3 axb4 11.Bxb4 b6 12.a4 Ne8 13.Nd2 f5 14.Bf3 g5 15.exf5 Nxf5
16.Nde4 h6 17.Bg4 Nf6 18.Nxf6+ Qxf6 19.Ne4 Qg6 20.Re1 Nh4 21.Bd2 Bf5 22.Qe2 Qf7
23.Rf1 Qd7 24.Bxf5 Nxf5 25.a5 Nd4 26.Qd3 bxa5 27.Bxa5 Rf7 28.Bc3 Raf8 29.Bxd4 exd4
30.Rac1 c6 31.dxc6 Qxc6 32.Nd2 d5 33.Rc2 dxc4 34.Nxc4 Qb5 35.Rfc1 Rc7 36.Nb2 Qxd3
37.Nxd3  1/2-1/2

[Event "FSIMB December"]
[Site "Budapest HUN"]
[Date "1999.12.13"]
[Round "10"]
[White "Weglarz,L"]
[Black "Farago,S"]
[Result "0-1"]
[WhiteElo "2400"]
[BlackElo "2295"]

1.d4 Nf6 2.c4 g6 3.Nc3 Bg7 4.e4 d6 5.Nf3 O-O 6.Be2 e5 7.O-O Nc6 8.d5 Ne7
9.Ne1 Ne8 10.f4 exf4 11.Bxf4 f5 12.Qd2 Nf6 13.exf5 Nxf5 14.g4 Ne7 15.h3 h5
16.Bh6 hxg4 17.Bxg7 Kxg7 18.hxg4 c5 19.Ng2 Bd7 20.Rae1 a6 21.b3 Neg8 22.g5 Nh7
23.Ne4 Ne7 24.Nxd6 Nf5 25.Nxf5+ Bxf5 26.Bd3 Bxd3 27.Qc3+ Kg8 28.Rxf8+ Nxf8
29.Qxd3 Qxg5 30.Qe3 Qxe3+ 31.Rxe3 Kf7 32.Kf2 b5 33.Nf4 Rc8 34.Rf3 Ke7 35.Re3+ Kf6
36.Ne6 Nd7 37.Rf3+ Ke7 38.Rh3 Kd6 39.Rh6 Ne5  0-1

[Event "ch-ROM"]
[Site "Lasi ROM"]
[Date "1999.12.13"]
[Round "1"]
[White "Dumitrache,D"]
[Black "Istrate,B"]
[Result "1-0"]
[WhiteElo "2439"]
[BlackElo "2277"]

1.d4 Nf6 2.c4 g6 3.Nc3 Bg7 4.e4 d6 5.Be2 O-O 6.Nf3 e5 7.O-O Nc6 8.d5 Ne7
9.b4 Nh5 10.Re1 a5 11.bxa5 f5 12.Nd2 Nf4 13.Bf1 Rxa5 14.g3 Nh5 15.exf5 Nxf5
16.Nb3 Ra8 17.Ne4 h6 18.a4 Nf6 19.Bb2 Nxe4 20.Rxe4 h5 21.c5 Nh6 22.Bg2 Ng4
23.Re2 h4 24.h3 Nf6 25.g4 Bh6 26.Qc2 Kg7 27.Nd2 Bf4 28.Nc4 Nh7 29.Rae1 Ra6
30.c6 bxc6 31.dxc6 Ng5 32.Rd1 Qf6 33.Rd5 Kh7 34.Rb5 Ra8 35.Rb7 Bxb7 36.cxb7 Rab8
37.a5 c6 38.a6 Qe7 39.Na5 Qc7 40.Nxc6 Rbe8 41.Nxe5 Qxc2 42.Rxc2 dxe5 43.Rc7+ Kh6
44.a7 Ne6 45.Rc4 e4 46.Rxe4  1-0

[Event "Open"]
[Site "Zadar CRO"]
[Date "1999.12.14"]
[Round "2"]
[White "Tratar,M"]
[Black "Rezan,S"]
[Result "1-0"]
[WhiteElo "2442"]
[BlackElo "2248"]

1.Nf3 Nf6 2.d4 g6 3.c4 Bg7 4.Nc3 O-O 5.e4 d6 6.Be2 e5 7.O-O Nc6 8.d5 Ne7
9.Nd2 Nd7 10.b4 f5 11.c5 Nf6 12.f3 f4 13.Nc4 g5 14.a4 Ng6 15.cxd6 cxd6 16.Nb5 Ne8
17.Bd2 Rf7 18.Be1 Bd7 19.Na5 h5 20.Bf2 Bxb5 21.axb5 Nf6 22.Ra3 Qd7 23.Nc4 g4
24.Nb6 axb6 25.Rxa8+ Bf8 26.Kh1 g3 27.Bxb6 Nh4 28.Qc2 Rg7 29.Qc8 Nxg2 30.Qxf8+ Kh7
31.Qh8+ Kg6 32.Kxg2 gxh2 33.Kxh2 Rh7 34.Rg8+  1-0

[Event "Extraliga CZE"]
[Site "Ostrava CZE"]
[Date "1999.12.18"]
[Round "5"]
[White "Kupka,S"]
[Black "Zimniok,L"]
[Result "1-0"]
[WhiteElo "2326"]
[BlackElo "2228"]

1.d4 Nf6 2.Nf3 d6 3.c4 g6 4.Nc3 Bg7 5.e4 O-O 6.Be2 e5 7.O-O Nc6 8.d5 Ne7
9.Ne1 a5 10.Nd3 c5 11.f4 Nd7 12.f5 f6 13.g4 Nb6 14.Ne1 h5 15.gxh5 gxf5 16.h6 Bh8
17.exf5 Bxf5 18.Rxf5 Nxf5 19.Bd3 Nd4 20.Qh5 Rf7 21.h7+ Kf8 22.Bg6 Rg7 23.Bh6 Ke7
24.Ng2 Rxg6 25.Qxg6 Qe8 26.Qg4 f5 27.Bg5+ Kd7 28.Qh3 Qg6 29.Be3 Nc2 30.Rf1 Nxe3
31.Qxe3 Qxh7 32.Qg5 Rf8 33.b3 Bg7 34.Kh1 Qh6 35.Qxh6 Bxh6 36.Nh4 f4 37.a4 Nc8
38.Ne4 Ne7 39.Kg2 Rg8+ 40.Kf2 Rf8 41.Rg1 Nf5 42.Rg6 Ne3 43.Kf3 Rh8 44.Rxd6+ Kc7
45.Ng6 Bf8 46.Nxh8 Bxd6 47.Nf7 Bf8 48.Nxe5 Nf5 49.Ng5 Nd4+ 50.Kxf4 Bh6 51.Nf7 Bxg5+
52.Nxg5 Nxb3 53.h4 b5 54.cxb5 c4 55.Ne4  1-0

[Event "Young Masters"]
[Site "Groningen NED"]
[Date "1999.12.19"]
[Round "1"]
[White "Timoshenko,G"]
[Black "Wortel,Ma"]
[Result "1-0"]
[WhiteElo "2576"]
[BlackElo "2283"]

1.d4 Nf6 2.c4 g6 3.Nc3 Bg7 4.e4 d6 5.Nf3 O-O 6.Be2 e5 7.O-O Nc6 8.d5 Ne7
9.Ne1 Nd7 10.Be3 f5 11.f3 f4 12.Bf2 g5 13.Rc1 Ng6 14.c5 Nxc5 15.b4 Na6 16.Nb5 Rf7
17.Nd3 Bd7 18.a4 h5 19.Nxa7 Nh4 20.Nb5 g4 21.fxg4 Bh6 22.Rc3 Nxg2 23.Kxg2 hxg4
24.Be1 f3+ 25.Bxf3 gxf3+ 26.Rxf3 Rxf3 27.Qxf3 Kh8 28.Qh5 Qf6 29.Nf2 Rg8+
30.Rg3 c6 31.dxc6 bxc6 32.Bd2 Rxg3+ 33.hxg3 cxb5 34.Bxh6 Kg8 35.axb5 Nxb4
36.b6 Bc6 37.Qg4+ Kh7 38.b7 Na6 39.Qc8 d5 40.Bg5 Qd6  1-0

[Event "ch-ROM"]
[Site "Lasi ROM"]
[Date "1999.12.19"]
[Round "7"]
[White "Grigore,G"]
[Black "Istrate,B"]
[Result "1-0"]
[WhiteElo "2526"]
[BlackElo "2277"]

1.d4 Nf6 2.c4 g6 3.Nc3 Bg7 4.e4 d6 5.Be2 O-O 6.Nf3 e5 7.O-O Nc6 8.d5 Ne7
9.Nd2 a5 10.a3 Nd7 11.Rb1 f5 12.b4 axb4 13.axb4 Kh8 14.f3 Nf6 15.c5 g5 16.Nc4 g4
17.fxg4 Nxe4 18.Nxe4 fxe4 19.Rxf8+ Bxf8 20.Bg5 h6 21.Bf6+ Bg7 22.Qd2 Kh7
23.Bh4 Bd7 24.Qc2 Be8 25.Bf3 Bb5 26.Qxe4+ Kg8 27.Be2  1-0

[Event "ch-ROM"]
[Site "Lasi ROM"]
[Date "1999.12.19"]
[Round "7"]
[White "Dumitrache,D"]
[Black "Vajda,L"]
[Result "1-0"]
[WhiteElo "2439"]
[BlackElo "2462"]

1.d4 Nf6 2.c4 g6 3.Nc3 Bg7 4.e4 d6 5.Be2 O-O 6.Nf3 e5 7.O-O Nc6 8.Be3 exd4
9.Nxd4 Re8 10.f3 Ne5 11.Qd2 a6 12.Rfd1 Bd7 13.Bg5 Qb8 14.Kh1 Kh8 15.Rac1 Ng8
16.Bf1 Rf8 17.Nb3 Be6 18.Nd5 b6 19.Nd4 Qb7 20.Ne3 Rae8 21.b4 Bc8 22.c5 dxc5
23.bxc5 f6 24.Bf4 Ne7 25.Qc2 b5 26.c6 Qb6 27.Qc5 Qxc5 28.Rxc5 Rd8 29.Nd5 Nxd5
30.Rxd5 Rxd5 31.exd5 Rd8 32.Nb3 Bf8 33.Be2 Bd6 34.Be3 Re8 35.Bc5 Nf7 36.Bxd6 Nxd6
37.Bf1 Bf5 38.Nc5 a5 39.Kg1 b4 40.Kf2 a4 41.Rd4 Bb1 42.Rxb4 Bxa2 43.Ne6 Bb3
44.Nxc7 Rc8 45.Nb5  1-0

[Event "4th Comtois It"]
[Site "Belfort FRA"]
[Date "1999.12.22"]
[Round "10"]
[White "Gurevich,M"]
[Black "Fedorov,A"]
[Result "0-1"]
[WhiteElo "2643"]
[BlackElo "2659"]

1.d4 Nf6 2.c4 g6 3.Nc3 Bg7 4.e4 d6 5.Nf3 O-O 6.Be2 e5 7.O-O Nc6 8.d5 Ne7
9.Nd2 c5 10.Rb1 Ne8 11.b4 b6 12.bxc5 bxc5 13.Nb3 f5 14.Bg5 h6 15.Bd2 g5 16.Nb5 a6
17.Ba5 Qd7 18.Nc3 Ng6 19.exf5 Qxf5 20.Na4 Rb8 21.Nb6 Rxb6 22.Bxb6 Nf4 23.Nd2 e4
24.Rb3 Bd4 25.Bd8 Qd7 26.Ba5 Nf6 27.Rg3 Qg7 28.Kh1 h5 29.Rb3 Bf5 30.Rb6 Qd7
31.Nb3 Be5 32.Bd2 h4 33.Be3 h3 34.g3 Nxe2 35.Qxe2 Bg4 36.Qc2 Bf3+ 37.Kg1 Qf5
38.Nd2 Ng4 39.Qb1 Be2 40.Rb8 Bxf1 41.Rxf8+ Kxf8 42.Qxf1 Bc3 43.Qxh3 Bxd2
44.Bxd2 Qxf2+ 45.Kh1 Kg7 46.Qg2 Qd4 47.Qe2 Qd3 48.Qxd3 exd3 49.Kg2 Kg6 50.h4 gxh4
51.gxh4 Ne5 52.Bg5 Kf5 53.Kf2 Nxc4 54.Kf3 Ne5+ 55.Ke3 c4 56.Be7 c3 57.Bxd6 d2
58.Ke2 Nc4  0-1

[Event "Weihnachtsopen"]
[Site "Zurich SUI"]
[Date "1999.12.26"]
[Round "1"]
[White "Tukmakov,V"]
[Black "Ambrosini,N"]
[Result "1-0"]
[WhiteElo "2557"]
[BlackElo "2171"]

1.Nf3 Nf6 2.c4 g6 3.Nc3 Bg7 4.e4 d6 5.d4 O-O 6.Be2 e5 7.O-O Nc6 8.d5 Ne7
9.b4 a5 10.Ba3 Nd7 11.bxa5 Rxa5 12.Bb4 Ra8 13.a4 Bh6 14.Bd3 f5 15.a5 f4 16.Na4 g5
17.Nd2 Nf6 18.c5 Ne8 19.Be2 Nf6 20.cxd6 cxd6 21.Nb6 Rb8 22.Rc1 Kh8 23.Qc2 Ne8
24.Bb5 g4 25.Bxe8 Rxe8 26.Ndc4 f3 27.Nxd6 Rf8 28.Ndxc8  1-0

[Event "Boavista Masters"]
[Site "Porto POR"]
[Date "1999.12.27"]
[Round "1"]
[White "Arlandi,E"]
[Black "Santos,CP"]
[Result "1/2-1/2"]
[WhiteElo "2465"]
[BlackElo "2383"]

1.d4 Nf6 2.c4 g6 3.Nc3 Bg7 4.e4 d6 5.Nf3 O-O 6.Be2 e5 7.O-O Nc6 8.d5 Ne7
9.Nd2 Kh8 10.b4 Neg8 11.c5 Ne8 12.a4 f5 13.Ba3 Nh6 14.f3 f4 15.Nc4 g5 16.b5 Rf6
17.b6 cxb6 18.cxd6 Nf7 19.Nb5 a6 20.Nc7 Nxc7 21.dxc7 Qxc7 22.Qb3 b5 23.axb5 axb5
24.Qxb5 Bd7 25.Qc5 Qd8 26.Bb4 Rc8 27.Qe7 Bb5 28.Rfc1 Bf8 29.Qxd8 Rxd8 30.Bc3 Bxc4
31.Bxc4 Rc8 32.Bb5 Bc5+ 33.Kf1 Be3 34.Rc2 Bd4 35.Rac1 Bxc3 36.Rxc3 Rxc3 37.Rxc3 Nd6
38.Bd7 Rf7 39.Be6 Re7 40.Ke2 Kg7 41.Kd3 Kf6 42.Bg4 Re8 43.Rc7 Re7 44.Rc5 Re8
45.Kc3 h5 46.Bxh5 Rh8 47.Bg4 Rxh2 48.Bh3 g4 49.Bxg4 Rxg2 50.Kd3 Rb2 51.Rc7 Rb3+
52.Kd2 Rb2+ 53.Kd3 Rb3+ 54.Kd2 Rb2+  1/2-1/2

[Event "Open"]
[Site "Groningen NED"]
[Date "1999.12.28"]
[Round "9"]
[White "Atalik,S"]
[Black "Kasimdzhanov,R"]
[Result "0-1"]
[WhiteElo "2598"]
[BlackElo "2603"]

1.d4 Nf6 2.c4 g6 3.Nc3 Bg7 4.e4 d6 5.Nf3 O-O 6.Be2 e5 7.O-O Nc6 8.d5 Ne7
9.Ne1 Nd7 10.Be3 f5 11.f3 f4 12.Bf2 g5 13.Rc1 Rf6 14.b4 Rh6 15.Nd3 a6 16.c5 Qe8
17.Kh1 b5 18.cxb6 cxb6 19.g4 fxg3 20.Bxg3 b5 21.Nf2 Nf6 22.Ng4 Rg6 23.a4 Bd7
24.axb5 axb5 25.Qd3 Rb8 26.Nxf6+ Rxf6 27.Qd2 Ng6 28.Qxg5 Qf8 29.Qe3 Bh6 30.Qa7 Bh3
31.Ra1 Bxf1 32.Rxf1 Bf4 33.Kg2 Rc8 34.Nxb5 Qh6 35.Qa2 Nh4+  0-1

[Event "Boavista Masters"]
[Site "Porto POR"]
[Date "1999.12.29"]
[Round "3"]
[White "Arlandi,E"]
[Black "Spraggett,K"]
[Result "1-0"]
[WhiteElo "2465"]
[BlackElo "2521"]

1.d4 Nf6 2.c4 g6 3.Nc3 Bg7 4.e4 d6 5.Nf3 O-O 6.Be2 e5 7.O-O Nc6 8.d5 Ne7
9.Nd2 c5 10.dxc6 bxc6 11.b4 d5 12.a4 d4 13.Na2 g5 14.Re1 Ng6 15.Ba3 Nf4 16.b5 Re8
17.Bf1 cxb5 18.axb5 a6 19.Nb4 axb5 20.cxb5 d3 21.Qb1 Bf8 22.Nc6 Qc7 23.Bxf8 Rxa1
24.Qxa1 Kxf8 25.Nf3 Kg8 26.Nfxe5 d2 27.Rd1 Nxe4 28.Qd4 f5 29.f3 Nf6 30.Rxd2 Ne6
31.Bc4 Kg7 32.Qa7 Qxa7+ 33.Nxa7 Bb7 34.Nd7 Re7 35.Bxe6 Rxe6 36.Nc5 Re7 37.Nc6 Bxc6
38.bxc6 Re1+  1-0

[Event "8th Danube Open"]
[Site "Aschach AUT"]
[Date "1999.12.30"]
[Round "7"]
[White "Karner,C"]
[Black "Sandhoefner,F"]
[Result "1-0"]
[WhiteElo "2181"]
[BlackElo "2233"]

1.d4 Nf6 2.c4 g6 3.Nc3 Bg7 4.e4 d6 5.Nf3 O-O 6.Be2 e5 7.O-O Nc6 8.d5 Ne7
9.Ne1 Nd7 10.Be3 f5 11.f3 f4 12.Bf2 g5 13.Rc1 Ng6 14.c5 Nxc5 15.b4 Na6 16.Nd3 Rf7
17.Nb5 b6 18.Rc3 h5 19.Kh1 Bf6 20.a4 Qd7 21.Qc2 g4 22.Rc1 Bd8 23.Nxd6 Qxd6
24.Rc6 Be7 25.Rxd6 Bxd6 26.Qc6 Rb8 27.b5 Nc5 28.Nxc5 bxc5 29.Qe8+ Kg7 30.Bxc5 Rf8
31.Qc6 Ne7 32.Bxd6 Nxc6 33.Bxf8+ Kxf8 34.Rxc6  1-0

[Event "Young Masters"]
[Site "Groningen NED"]
[Date "1999.12.30"]
[Round "11"]
[White "Ovod,E"]
[Black "Efimenko,Z"]
[Result "0-1"]
[WhiteElo "2303"]
[BlackElo "2332"]

1.d4 Nf6 2.c4 g6 3.Nc3 Bg7 4.e4 d6 5.Nf3 O-O 6.Be2 e5 7.O-O Nc6 8.d5 Ne7
9.Ne1 Nd7 10.Be3 f5 11.f3 f4 12.Bf2 g5 13.a4 Ng6 14.a5 h5 15.Rc1 Rf7 16.c5 Nxc5
17.Bxc5 dxc5 18.Bc4 Kh7 19.a6 b6 20.d6 Rd7 21.Qd5 Rb8 22.dxc7 Qxc7 23.Qg8+ Kh6
24.Nb5 Qc6 25.Nc2 Nf8 26.Nb4 cxb4 27.Bd5 Qxb5 28.Rc6+ Qxc6 29.Bxc6 Rc7 30.Qd5 Be6
31.Qd6 Rbc8 32.Bb7 Rd7 33.Qxb4 Rc2 34.h4 Rdd2 35.hxg5+ Kg6 36.Kh1 Rxg2 37.Rc1 Rh2+
38.Kg1 Rcg2+ 39.Kf1 Bh3 40.Rc6+ Kh7 41.Rh6+ Bxh6  0-1

[Event "Challengers"]
[Site "Hastings ENG"]
[Date "1999.12.30"]
[Round "2"]
[White "Kelly,B"]
[Black "Hebden,M"]
[Result "1-0"]
[WhiteElo "2417"]
[BlackElo "2510"]

1.d4 Nf6 2.c4 g6 3.Nc3 Bg7 4.e4 d6 5.Nf3 O-O 6.Be2 e5 7.O-O Nc6 8.d5 Ne7
9.Ne1 Nd7 10.Be3 f5 11.f3 f4 12.Bf2 g5 13.a4 Rf6 14.Nd3 Rh6 15.c5 a6 16.a5 Qe8
17.Kh1 dxc5 18.Na4 b6 19.axb6 cxb6 20.b4 c4 21.Ndb2 Rb8 22.d6 Ng6 23.Bxc4+ Kh8
24.b5 a5 25.Be2 Ngf8 26.Rc1 Ne6 27.Rc6 Nd4 28.Nc4 Nxc6 29.bxc6 b5 30.c7 Rb7
31.Nxa5 bxa4 32.Nxb7 Bxb7 33.Qxa4 Bc8 34.Rb1 g4 35.fxg4 f3 36.gxf3 Rxd6 37.Rb8 Bf8
38.Qa8  1-0

[Event "Belgian Interteams 1999-2000"]
[Site "Antwerp BEL"]
[Date "1999.12.??"]
[Round "6"]
[White "Craps,B"]
[Black "Ahn,M"]
[Result "1/2-1/2"]
[WhiteElo "2218"]
[BlackElo "2298"]

1.d4 Nf6 2.Nf3 g6 3.c4 Bg7 4.Nc3 O-O 5.e4 d6 6.Be2 e5 7.O-O Nc6 8.d5 Ne7
9.b4 Nh5 10.Re1 Nf4 11.Bf1 a5 12.Ba3 b6 13.bxa5 Rxa5 14.Bb4 Ra8 15.a4 Bg4
16.h3 Bxf3 17.Qxf3 c5 18.dxc6 Nxc6 19.Ba3 Ne6 20.Qd1 Nc5 21.Bxc5 dxc5 22.Qxd8 Rfxd8
23.Nd5 Ra6  1/2-1/2

[Event "Belgian Interteams 1999-2000"]
[Site "Antwerp BEL"]
[Date "1999.12.??"]
[Round "6"]
[White "Houdart,R"]
[Black "Meessen,R"]
[Result "0-1"]
[WhiteElo "2091"]
[BlackElo "2335"]

1.d4 Nf6 2.c4 g6 3.Nc3 Bg7 4.e4 d6 5.Nf3 O-O 6.Be2 e5 7.O-O Nc6 8.d5 Ne7
9.Ne1 Nd7 10.Nd3 f5 11.Bd2 Nf6 12.f3 f4 13.Rc1 g5 14.c5 Ng6 15.cxd6 cxd6
16.Nb5 Rf7 17.Qc2 Ne8 18.a4 Bf8 19.Nxa7 Qb6+ 20.Kh1 Qxa7 21.a5 Nf6 22.b4 g4
23.b5 g3 24.b6 Qb8 25.h3 Nh4 26.Rg1 Rg7 27.Ne1 Bd7 28.Qc7 Qe8 29.Qxb7 Nxg2
30.Qxa8 Qxa8 31.Kxg2 Qe8 32.Rh1 Bb5 33.Nd3 Nxd5 34.exd5 e4 35.Nxf4 Bxe2 36.Nxe2 exf3+
37.Kxf3 Qh5+  0-1

[Event "Athens op"]
[Site "Athens"]
[Date "1999.??.??"]
[Round "2"]
[White "Mirzoev, Azer"]
[Black "Weil, Dany"]
[Result "1-0"]
[WhiteElo "2443"]
[BlackElo "2040"]

1.d4 Nf6 2.Nf3 g6 3.c4 Bg7 4.Nc3 O-O 5.e4 d6 6.Be2 e5 7.O-O Nc6 8.Be3 exd4
9.Nxd4 Re8 10.f3 Ne7 11.Qd2 c6 12.Rad1 Qc7 13.Rfe1 b6 14.h3 Bb7 15.f4 Rad8
16.Bf3 a6 17.Qf2 Nc8 18.Nb3 c5 19.Nd2 Na7 20.Qh4 b5 21.f5 Nd7 22.Bh6 Be5
23.Bg5 f6 24.fxg6 hxg6 25.Be3 Nf8 26.Bg4 d5 27.cxd5 Bg3 28.Qxf6 Bxe1 29.Rxe1 b4
30.Na4 Bxd5 31.exd5 Rxd5 32.Bf3 Rf5 33.Qxa6 Qg3 34.Re2 Rfe5 35.Nf1 Qh4 36.Qxa7 c4
37.Bf2 Qf6 38.Qd4 Qe7 39.Qxc4+ Kh7 40.Rxe5 Qxe5 41.Qf7+ Kh6 42.Ne3  1-0

[Event "AUT-chT 9899"]
[Site "AUT"]
[Date "1999.??.??"]
[Round "?"]
[White "Lipinsky, Fabian"]
[Black "Herzog, Adolf"]
[Result "1/2-1/2"]
[WhiteElo "2395"]
[BlackElo "2410"]

1.d4 Nf6 2.c4 g6 3.Nc3 Bg7 4.e4 d6 5.Nf3 O-O 6.Be2 e5 7.O-O Nc6 8.d5 Ne7
9.Ne1 c5 10.Nd3 Nd7 11.Nb5 Nf6 12.f3 a6 13.Nc3 Nh5 14.g4 Nf6 15.Nf2 Ne8 16.Kg2 f5
17.h4 Nf6 18.Rh1 Rf7 19.Nh3 h6 20.a4 Qf8 21.Ra3 Bd7 22.Rb3 Rb8 23.a5 fxg4
24.fxg4 Qc8 25.Kg3 Qd8 26.Bd2 b5 27.axb6 Rxb6 28.Rxb6 Qxb6 29.g5 hxg5 30.Nxg5 Rf8
31.h5 gxh5 32.Bxh5 Qxb2 33.Ne6 Bxe6 34.dxe6 Rb8 35.Bf7+ Kf8 36.Rf1 Rb3 37.Rf3 Rxc3
38.Bxc3 Nxe4+ 39.Kh3 Nxc3 40.Bh5+  1/2-1/2

[Event "Bad Woerishofen op"]
[Site "Bad Woerishofen"]
[Date "1999.??.??"]
[Round "2"]
[White "Maugg, Ludwig"]
[Black "Kachiani Gersinska, Ketino"]
[Result "0-1"]
[WhiteElo "2160"]
[BlackElo "2439"]

1.d4 Nf6 2.c4 g6 3.Nc3 Bg7 4.e4 d6 5.Be2 O-O 6.Nf3 e5 7.O-O Nc6 8.d5 Ne7
9.b4 a5 10.Ba3 Nd7 11.bxa5 Rxa5 12.Bb4 Ra8 13.a4 Bh6 14.a5 f5 15.Nd2 Nf6
16.Bd3 c5 17.dxc6 Nxc6 18.Ba3 Nxa5 19.Nb3 Be6 20.Nxa5 Rxa5 21.Qc2 Qd7 22.Bb4 Rxa1
23.Rxa1 Rc8 24.exf5 gxf5 25.Rd1 e4 26.Bf1 Bf4 27.g3 Be5 28.Qd2 Bxc4 29.Qg5+ Kf7
30.Bh3 Be6 31.Ne2 Qa4  0-1

[Event "Bad Woerishofen op"]
[Site "Bad Woerishofen"]
[Date "1999.??.??"]
[Round "4"]
[White "Lieb, Harald"]
[Black "Domanski, Markus"]
[Result "1/2-1/2"]
[WhiteElo "2276"]
[BlackElo "2140"]

1.d4 Nf6 2.Nf3 g6 3.c4 Bg7 4.Nc3 O-O 5.e4 d6 6.Be2 e5 7.O-O Nc6 8.d5 Ne7
9.Ne1 Nd7 10.Be3 f5 11.f3 f4 12.Bf2 g5 13.Nd3 Nf6 14.c5 Ng6 15.Rc1 Rf7 16.a4 Bf8
17.a5 a6 18.cxd6 Bxd6 19.Nc5 Nf8 20.N3a4 Rg7 21.Rc3 g4 22.fxg4 Nxg4 23.Rb3 Qg5
24.Bf3 Qh6 25.h3 Nf6 26.Kh2 Ng4+ 27.Kg1 Nf6 28.Kh2 Ng4+  1/2-1/2

[Event "Bad Woerishofen op"]
[Site "Bad Woerishofen"]
[Date "1999.??.??"]
[Round "5"]
[White "Savchenko, Stanislav"]
[Black "Kachiani Gersinska, Ketino"]
[Result "1-0"]
[WhiteElo "2539"]
[BlackElo "2439"]

1.Nf3 Nf6 2.c4 g6 3.Nc3 Bg7 4.e4 d6 5.d4 O-O 6.Be2 e5 7.O-O Nc6 8.d5 Ne7
9.b4 a5 10.Ba3 axb4 11.Bxb4 Nd7 12.a4 Bh6 13.a5 f5 14.Bd3 Nf6 15.c5 fxe4
16.cxd6 cxd6 17.Nxe4 Nxe4 18.Bxe4 Rf4 19.Re1 Bf5 20.Nd2 Rh4 21.f3 Qd7 22.Qe2 Rf8
23.g3 Rh5 24.Nc4 Nc8 25.Ra3 Bxe4 26.fxe4 Qb5 27.Rb3 Qa6 28.Nb6 Qa7 29.Bc3 Bg5
30.Rf1 Rxf1+ 31.Kxf1 Bd8 32.Nxc8  1-0

[Event "ROM-ch sf"]
[Site "Baile Tusnad"]
[Date "1999.??.??"]
[Round "4"]
[White "Ionescu, Cristian"]
[Black "Suciu, Dinu Simi"]
[Result "1/2-1/2"]
[WhiteElo "2300"]
[BlackElo "2200"]

1.d4 g6 2.c4 Bg7 3.Nc3 d6 4.e4 Nf6 5.Be2 O-O 6.Nf3 e5 7.O-O Nc6 8.d5 Ne7
9.Ne1 Nd7 10.Nd3 f5 11.Bd2 Nf6 12.f3 c5 13.g4 h5 14.g5 Ne8 15.h4 Bd7 16.Rb1 a5
17.b3 Nc7 18.Be3 Na6 19.a3 f4 20.Bf2 Nc8 21.Qd2 Nb6 22.Rfc1 Qe7 23.Na2 Rfb8
24.b4 axb4 25.axb4 Na4 26.Nc3 Nxc3 27.Rxc3 b6 28.Ra3 Qd8 29.Rba1 Nc7 30.bxc5 bxc5
31.Ra7 Qc8 32.Kh2 Rxa7 33.Rxa7 Rb7 34.Qa5 Qb8 35.Rxb7 Qxb7 36.Be1 Bf8 37.Kg2 Be7
38.Qd2 Na6 39.Qb2 Qxb2 40.Nxb2 Kf7  1/2-1/2

[Event "ROM-ch sf"]
[Site "Baile Tusnad"]
[Date "1999.??.??"]
[Round "6"]
[White "Ionescu, Cristian"]
[Black "Dutu, Florin"]
[Result "1-0"]
[WhiteElo "2300"]
[BlackElo "2141"]

1.d4 Nf6 2.c4 g6 3.Nc3 Bg7 4.e4 d6 5.Be2 O-O 6.Nf3 e5 7.O-O Nc6 8.d5 Ne7
9.Ne1 Nd7 10.Nd3 f5 11.Bd2 Nf6 12.f3 Kh8 13.c5 Neg8 14.a4 Bh6 15.a5 Bxd2
16.Qxd2 f4 17.Rfc1 Rf7 18.cxd6 cxd6 19.Nb5 Ne8 20.Qb4 g5 21.Rc3 h5 22.Rac1 Ne7
23.Nc7 Nxc7 24.Rxc7 Rg7 25.Qc3 g4 26.Nxe5 dxe5 27.Qxe5 Qf8 28.d6 Nf5 29.exf5 Bxf5
30.Rxg7 Qxg7 31.Qxf5 Qd4+ 32.Kf1 g3 33.hxg3 fxg3 34.Qxh5+ Kg7 35.Rc7+ Kf6
36.Rf7+ Ke6 37.Qf5+  1-0